Drawing From The Model: Fundamentals of Digital Drawing (Record no. 359154)

MARC details
000 -LEADER
fixed length control field 00446 a2200157 4500
005 - DATE AND TIME OF LATEST TRANSACTION
control field 20240726124538.0
008 - FIXED-LENGTH DATA ELEMENTS--GENERAL INFORMATION
fixed length control field 240726b |||||||| |||| 00| 0 eng d
020 ## - INTERNATIONAL STANDARD BOOK NUMBER
International Standard Book Number 9781119115625
082 ## - DEWEY DECIMAL CLASSIFICATION NUMBER
Classification number 720.28/MEL
100 ## - MAIN ENTRY--PERSONAL NAME
Author Melendez F
245 ## - TITLE STATEMENT
Title Drawing From The Model: Fundamentals of Digital Drawing
260 ## - PUBLICATION, DISTRIBUTION, ETC.
Name of publisher, distributor, etc. Wiley
Date of publication, distribution, etc. 2019
Place of publication, distribution, etc. New Jersay
300 ## - PHYSICAL DESCRIPTION
Extent 337p
Other physical details PB
500 ## - GENERAL NOTE
Keywords Architectural Drawing<br/>Architectural Model
942 ## - ADDED ENTRY ELEMENTS (KOHA)
Koha item type Reference book
Holdings
Withdrawn status Lost status Source of classification or shelving scheme Damaged status Not for loan Collection code Home library Current library Date acquired Vendor Net Price Full call number Barcode Date last seen Actual Price Bill Date Koha item type
    Dewey Decimal Classification   Available Book of B Arch Dr. Bhanuben Nanavati College of Architecture Dr. Bhanuben Nanavati College of Architecture 24/07/2024 169 3875.36 720.28/MEL BNCA-BK-12722 26/07/2024 6151.37 26/07/2024 Reference book